[Event "Politiken"]
[Site "Copenhagen DEN"]
[Date "1996.06.25"]
[Round "4"]
[White "Christensen, Bo"]
[Black "Haapasalo, JP"]
[Result "1-0"]
[WhiteElo "2225"]
[BlackElo "2240"]

1. e4 c5 2. Nf3 e6 3. b4 cxb4 4. a3 d5 5. e5 Nc6 6. axb4 Bxb4 7. c3 Ba5 8.
d4 Nge7 9. Bd3 Bd7 10. h4 Qc7 11. Ba3 Nxd4 12. Bd6 Nxf3+ 13. Qxf3 Bxc3+ 14.
Ke2 Qc6 15. Nxc3 Qxc3 16. Rac1 Qb3 17. Rc7 Nc6 18. Qf4 Qb2+ 19. Ke3 Qb6+
20. Kd2 Qb2+ 21. Ke3 Qb6+ 22. Ke2 Qb2+ 23. Kf3 Qd4 24. Qxd4 Nxd4+ 25. Ke3
Nb5 26. Bxb5 Bxb5 27. Rxb7 a6 28. Rc1 Bc4 29. Re7+ Kd8 30. Rxf7 Rg8 31. Kd4
Rc8 32. g4 Rc6 33. f4 Bb5 34. Rxc6 Bxc6 35. Ra7 Bd7 36. Rxa6 h5 37. gxh5
Rh8 38. Ra8+ Bc8 39. f5 exf5 40. e6 f4 41. Kxd5 Rh6 42. Bxf4 Rxh5+ 43. Kd6
1-0

[Event "Politiken"]
[Site "Copenhagen DEN"]
[Date "1996.06.25"]
[Round "4"]
[White "Holst, C"]
[Black "Hutters, T"]
[Result "1/2-1/2"]
[WhiteElo "2205"]
[BlackElo "2435"]

1. d4 Nf6 2. c4 g6 3. Nc3 Bg7 4. e4 d6 5. Nf3 O-O 6. Be2 Na6 7. O-O e5 8.
Re1 Qe8 9. Bf1 Bg4 10. Be3 Nd7 11. Be2 Bxf3 12. Bxf3 exd4 13. Bxd4 Bxd4 14.
Qxd4 Qe5 15. Qd2 Nf6 16. g3 Nc5 17. Rad1 Ne6 18. Nd5 c6 19. Bg2 Ne8 20. f4
Qg7 21. Nc3 f6 22. h4 Rd8 23. Qf2 a5 24. Bh3 Nc5 25. Qd4 Nc7 26. Qf2
1/2-1/2

[Event "Politiken"]
[Site "Copenhagen DEN"]
[Date "1996.06.25"]
[Round "4"]
[White "Bank, P"]
[Black "Fant, G"]
[Result "1-0"]
[WhiteElo "2230"]
[BlackElo "2090"]

1. e4 e6 2. d4 d5 3. Nd2 c5 4. Ngf3 Nc6 5. exd5 Qxd5 6. Bc4 Qd6 7. Ne4 Qc7
8. dxc5 Bxc5 9. Nxc5 Qa5+ 10. Bd2 Qxc5 11. Qe2 Nf6 12. Bc3 Ng4 13. O-O O-O
14. Rad1 a6 15. Qe4 Qh5 16. h3 Nf6 17. Qf4 b5 18. Bb3 Nd5 19. Bxd5 exd5 20.
Qc7 Nd8 21. Rfe1 Be6 22. Re5 Qh6 23. Bd2 Qg6 24. Rg5 Rc8 25. Qg3 Qxc2 26.
Rxg7+ Kh8 27. Re1 Qxb2 28. Re5 Qb1+ 29. Kh2 f6 30. Rh5 Bg8 31. Ne5 Qd1 32.
Re7 Rf7 33. Ng6+ Kg7 34. Bh6+ 1-0

[Event "Politiken"]
[Site "Copenhagen DEN"]
[Date "1996.06.25"]
[Round "4"]
[White "Hartman, C"]
[Black "Koskinen, H"]
[Result "1/2-1/2"]
[WhiteElo "2370"]
[BlackElo "2230"]

1. e4 e5 2. Nf3 Nc6 3. Bb5 a6 4. Ba4 Nf6 5. O-O Be7 6. Re1 b5 7. Bb3 d6 8.
c3 O-O 9. h3 Na5 10. Bc2 c5 11. d4 cxd4 12. cxd4 Bb7 13. Nbd2 Rc8 14. d5
Nh5 15. Nf1 Nc4 16. a4 Nf4 17. b3 Nb6 18. axb5 axb5 19. Ra7 Qc7 20. Bxf4
exf4 21. Bd3 Qb8 22. Ra5 Bf6 23. e5 dxe5 24. Rxb5 Bxd5 25. Be4 Bxe4 26.
Rxe4 Qa8 27. Reb4 Rfd8 28. Qe1 Nd5 29. Rc4 Rb8 30. Ra5 Qb7 31. N1d2 Nb4 32.
Ne4 Nd3 33. Qe2 Qxb3 34. Nfd2 Qb6 35. Rca4 Nb4 36. Qg4 Qe6 37. Nxf6+ Qxf6
38. Ne4 Qe7 39. Ra7 Rb7 40. Nf6+ Kh8 41. Qf5 gxf6 42. Rxb7 Rd1+ 43. Kh2
Qxb7 44. Qxf6+ Kg8 45. Qg5+ Kf8 46. Qxe5 Nc6 47. Qh8+ Ke7 48. Re4+ Kd7 49.
Qe8+ Kd6 50. Rxf4 Qe7 51. Qxf7 Qxf7 52. Rxf7 h5 53. Rf6+ Kc5 54. Rf5+ Rd5
55. Rxd5+ Kxd5 56. Kg3 Ne5 57. Kh4 Nd3 58. f3 Ke5 59. g3 Nf2 60. Kxh5 Nxh3
61. Kg6 Nf4+ 62. gxf4+ Kxf4 63. Kf6 Kxf3 1/2-1/2

[Event "Politiken"]
[Site "Copenhagen DEN"]
[Date "1996.06.25"]
[Round "4"]
[White "Jakobsen, O"]
[Black "Hansen, Lars"]
[Result "1/2-1/2"]
[WhiteElo "2390"]
[BlackElo "2250"]

1. d4 g6 2. e4 Bg7 3. c4 d6 4. Nc3 Nc6 5. Nge2 e5 6. Be3 Nh6 7. f3 f5 8. d5
Ne7 9. Qd2 Nf7 10. O-O-O O-O 11. Kb1 a6 12. Nc1 Qe8 13. Be2 Bd7 14. Nd3 c6
15. dxc6 bxc6 16. Nc5 Bc8 17. N5a4 Be6 18. Nb6 Rd8 19. Qc2 Bh6 20. Qc1 Bxe3
21. Qxe3 f4 22. Qf2 c5 23. Ncd5 Bxd5 24. cxd5 Rb8 25. Nc4 Nc8 26. Rd3 Na7
27. Ra3 Qc8 28. Rc1 Rb4 29. Bf1 Nb5 30. Ra5 Qb7 31. Ka1 Ra8 32. a3 Rb3 33.
Ra4 Nd4 34. Na5 Qb6 35. Nxb3 Nxb3+ 36. Kb1 Nxc1 37. Kxc1 a5 38. Bc4 Kg7 39.
Qd2 Nh6 40. Qc3 Qd8 41. h3 Ng8 42. Bb5 Ne7 43. Bc6 1/2-1/2

[Event "Politiken"]
[Site "Copenhagen DEN"]
[Date "1996.06.25"]
[Round "4"]
[White "Wolski, T"]
[Black "Djurhuus, R"]
[Result "0-1"]
[WhiteElo "2310"]
[BlackElo "2505"]

1. Nf3 g6 2. e4 c5 3. Nc3 Bg7 4. d4 cxd4 5. Nxd4 Nc6 6. Nde2 d6 7. g3 Bg4
8. Bg2 Bxc3+ 9. bxc3 Nf6 10. h3 Be6 11. Bg5 Nd7 12. Nd4 Qa5 13. Nxe6 fxe6
14. Bd2 Nde5 15. O-O Nc4 16. Be1 O-O 17. Qe2 Qc5 18. Kh2 Rac8 19. h4 Rf6
20. Bh3 Rcf8 21. f4 Na3 22. Qd3 Qc4 23. Bf2 e5 24. Be3 Qxd3 25. cxd3 Nc2
26. Rae1 Nxe1 27. Rxe1 Kg7 28. Rb1 b6 29. Bd7 Na5 30. f5 gxf5 31. exf5 Rxf5
32. Bxf5 Rxf5 33. g4 Rf8 34. Kg3 Rc8 35. Bd2 Nb7 36. Kf3 Nc5 37. Ke2 e4 38.
d4 Na4 39. Rb3 d5 40. Kd1 a6 41. Kc2 Rf8 42. Rb1 Rf2 43. Re1 b5 0-1

[Event "Politiken"]
[Site "Copenhagen DEN"]
[Date "1996.06.25"]
[Round "4"]
[White "Varberg, K"]
[Black "Hansen, LB"]
[Result "0-1"]
[WhiteElo "2230"]
[BlackElo "2565"]

1. c4 e6 2. Nf3 Nf6 3. b3 b6 4. g3 Bb7 5. Bg2 Be7 6. Bb2 O-O 7. O-O c5 8.
Nc3 d6 9. Qc2 Nbd7 10. e4 Ne5 11. Rad1 a6 12. d4 Nxf3+ 13. Bxf3 cxd4 14.
Rxd4 Qc7 15. Qe2 Bc6 16. Rc1 Qb7 17. Bg2 Rad8 18. Rd2 Rfe8 19. Rcd1 Qc7 20.
Kh1 Nd7 21. f4 Bf8 22. Qf2 Nc5 23. Qd4 Rd7 24. Qe3 Red8 25. h3 Qb7 26. Kh2
Qa8 27. Bf3 a5 28. Kg2 Be7 29. Re2 Bf6 30. e5 dxe5 31. Rxd7 Rxd7 32. fxe5
Rd3 0-1

[Event "Politiken"]
[Site "Copenhagen DEN"]
[Date "1996.06.25"]
[Round "4"]
[White "Macieja, B"]
[Black "Nilssen, J"]
[Result "1/2-1/2"]
[WhiteElo "2430"]
[BlackElo "2275"]

1. e4 c5 2. Nf3 Nc6 3. d4 cxd4 4. Nxd4 e5 5. Nb5 d6 6. c4 Be7 7. b3 a6 8.
N5c3 Nf6 9. Bd3 O-O 10. O-O Be6 11. Nd5 Nd7 12. Nxe7+ Nxe7 13. Nc3 Ng6 14.
Bc2 Qa5 15. Bd2 Qc7 16. Rc1 Rac8 17. Nd5 Qb8 18. a4 b5 19. cxb5 Bxd5 20.
exd5 axb5 21. Bf5 Rxc1 22. Bxc1 Nc5 23. Be3 Ne7 24. Bc2 bxa4 25. bxa4 Rc8
26. Qd2 Qa8 27. Rd1 h6 28. h3 Nd7 29. Qd3 Nf6 30. Bb3 Rb8 31. g4 Qb7 32.
Ba2 Ra8 33. Bb3 Ra5 34. Qc3 Ra8 35. Qd3 Rb8 1/2-1/2

[Event "Politiken"]
[Site "Copenhagen DEN"]
[Date "1996.06.25"]
[Round "4"]
[White "Nouro, M"]
[Black "Fries Nielsen, JO"]
[Result "1/2-1/2"]
[WhiteElo "2275"]
[BlackElo "2420"]

1. e4 e6 2. d4 d5 3. Nd2 Nf6 4. e5 Nfd7 5. Bd3 c5 6. c3 b6 7. Qe2 Nc6 8.
Bb5 Qc7 9. Ngf3 Bb7 10. O-O Be7 11. a3 g5 12. h3 h5 13. Re1 g4 14. hxg4
hxg4 15. Nh2 f5 16. Ndf1 O-O-O 17. f3 gxf3 18. Nxf3 Rdg8 19. Bf4 Rg4 20. g3
Nf8 21. Ne3 Rg7 22. Kf2 Rgh7 23. Ng2 Ng6 24. Bg5 Rh3 25. Qe3 Nd8 26. Bxe7
Qxe7 27. Qg5 Qxg5 28. Nxg5 R3h5 29. Nf3 Nf7 30. Be2 R5h7 31. Rg1 Kd8
1/2-1/2

[Event "Politiken"]
[Site "Copenhagen DEN"]
[Date "1996.06.25"]
[Round "4"]
[White "Lilja, R"]
[Black "Hyldkrog, L"]
[Result "0-1"]
[WhiteElo "2170"]
[BlackElo "2075"]

1. e4 e6 2. d4 d5 3. Nc3 Bb4 4. e5 Ne7 5. a3 Bxc3+ 6. bxc3 c5 7. Qg4 O-O 8.
Bd3 Nbc6 9. Qh5 Ng6 10. Nf3 Qc7 11. O-O c4 12. Be2 f6 13. exf6 Rxf6 14. Ng5
h6 15. Nh3 Qa5 16. Bd2 Nxd4 17. Bxc4 Nc6 18. Bd3 Nce7 19. f4 Bd7 20. Rab1
Bc6 21. Qe2 Qxa3 22. c4 Qc5+ 23. Kh1 a5 24. Nf2 dxc4 25. Bxc4 Nxf4 26. Bxf4
Rxf4 27. Qxe6+ Kh8 28. Nd3 Rxf1+ 29. Rxf1 Qg5 30. Nf4 Rd8 31. Bd3 Rf8 32.
Qd6 Rxf4 33. Rxf4 Qxg2+ 0-1

[Event "Politiken"]
[Site "Copenhagen DEN"]
[Date "1996.06.25"]
[Round "4"]
[White "Hoi, C"]
[Black "Kania, A"]
[Result "1-0"]
[WhiteElo "2435"]
[BlackElo "2275"]

1. d4 e6 2. Nf3 Nf6 3. e3 b6 4. Bd3 Bb7 5. O-O g6 6. c4 d6 7. Nc3 Nbd7 8.
e4 e5 9. d5 Bg7 10. Rb1 O-O 11. b4 a5 12. a3 Qe7 13. Bg5 h6 14. Bd2 axb4
15. axb4 Rfb8 16. Qc1 Kh7 17. Qc2 Bc8 18. Nb5 Ne8 19. Ra1 Ba6 20. Nc3 Bb7
21. Ra4 Rxa4 22. Nxa4 Ra8 23. h3 Bf6 24. Rc1 b5 25. cxb5 Nb6 26. Nxb6 cxb6
27. Be3 Qd8 28. Qd2 Bg7 29. Rc2 Nf6 30. Ra2 Nd7 31. Rxa8 Qxa8 32. Qc1 Qb8
33. Nd2 Bf8 34. Nc4 Ba8 35. Qd1 Be7 36. Qg4 Qc7 37. f4 h5 38. Qf3 exf4 39.
Qxf4 Kg8 40. Bd4 f6 41. Qh6 Ne5 42. Bxe5 fxe5 43. Qxg6+ Kf8 44. Be2 1-0

[Event "Politiken"]
[Site "Copenhagen DEN"]
[Date "1996.06.25"]
[Round "4"]
[White "Zakariasen, P"]
[Black "Nedberg, B"]
[Result "0-1"]
[WhiteElo "2005"]
[BlackElo "2100"]

1. e4 e6 2. d4 d5 3. Nc3 Bb4 4. e5 c5 5. a3 Bxc3+ 6. bxc3 Qc7 7. Nf3 Nc6 8.
h4 Bd7 9. h5 Rc8 10. Bd3 cxd4 11. Qe2 Nge7 12. Bd2 dxc3 13. Bxc3 Qb6 14.
O-O Qc5 15. Bb2 a6 16. h6 g6 17. Qd2 Nf5 18. Qf4 Qf8 19. g4 Nxh6 20. Bc1
Ng8 21. Nd2 h5 22. g5 Qg7 23. Bb2 Nge7 24. Nb3 Na7 25. Bd4 Nb5 26. Bc5 Nc6
27. a4 Nc3 28. Rfe1 h4 29. Qd4 Nxd4 0-1

[Event "Politiken"]
[Site "Copenhagen DEN"]
[Date "1996.06.25"]
[Round "4"]
[White "Petersen, N"]
[Black "Andersson, C"]
[Result "0-1"]
[WhiteElo "2155"]
[BlackElo "2040"]

1. Nc3 d5 2. e4 d4 3. Nb1 e5 4. Bc4 Nf6 5. d3 Bd6 6. Ne2 Ng4 7. h3 Nf6 8.
Nd2 Nc6 9. a3 Ne7 10. Nf3 Ng6 11. Bg5 Bd7 12. Nh4 Nxh4 13. Bxh4 c5 14. O-O
b5 15. Bd5 Rc8 16. b3 Be7 17. Bxf6 Bxf6 18. Ng3 O-O 19. Qf3 Kh8 20. Nf5
Bxf5 21. exf5 Qd6 22. a4 a6 23. axb5 axb5 24. Bb7 Rb8 25. Ra6 Qc7 26. Bd5
Rb6 27. Ra2 Qd6 28. Rfa1 h6 29. Ra7 Kg8 30. Rxf7 Rxf7 31. Ra7 Be7 32. Ra8+
Rb8 33. Rxb8+ Qxb8 34. Qh5 Qe8 35. Qg6 Bf6 36. g4 Qe7 37. Kg2 Qd7 38. Be6
Qb7+ 39. Kg3 Qe7 40. Qh5 Bg5 41. Qg6 Qf6 42. Bxf7+ Qxf7 43. Qd6 Bf4+ 44.
Kg2 Qf8 45. Qc6 b4 46. Kf3 Qe7 47. Ke4 Qf7 48. Qxc5 Qb7+ 49. Qd5+ Qxd5+ 50.
Kxd5 Kf7 51. Kc5 Bd2 52. Kd5 Kf6 53. Ke4 Bf4 54. h4 Bd2 55. Kd5 Be1 56. Kc4
Bxf2 57. Kxb4 Bxh4 58. Kc5 Be1 59. b4 Bxb4+ 60. Kxb4 Kg5 0-1

[Event "Politiken"]
[Site "Copenhagen DEN"]
[Date "1996.06.25"]
[Round "4"]
[White "Thorfinnsson, Bj"]
[Black "Wallace, JP"]
[Result "0-1"]
[WhiteElo "2060"]
[BlackElo "2370"]

1. d4 Nf6 2. c4 g6 3. Nc3 Bg7 4. e4 d6 5. f3 O-O 6. Be3 Nbd7 7. Qd2 c5 8.
d5 Ne5 9. h3 Nh5 10. Qf2 f5 11. exf5 gxf5 12. f4 Ng6 13. Nge2 Qb6 14. b3
Qb4 15. Rc1 b5 16. cxb5 e6 17. Bd2 Bb7 18. Qf3 Nf6 19. Qd3 Ne4 20. Nxe4
fxe4 21. Qe3 Qxb5 22. dxe6 Qe8 23. g4 Nh4 24. f5 d5 25. Ng1 d4 26. Qg5 e3
27. Qxh4 exd2+ 28. Kxd2 Bxh1 29. Bc4 Kh8 30. Bd3 h6 31. Ne2 Qc6 32. Nf4 Be4
33. Ng6+ Kh7 34. Nxf8+ Rxf8 35. e7 Re8 36. f6 Bxd3 37. f7 Qg2+ 38. Kxd3
Qf3+ 39. Kc2 Qxf7 40. Re1 Qg6+ 0-1

[Event "Politiken"]
[Site "Copenhagen DEN"]
[Date "1996.06.25"]
[Round "4"]
[White "Christensen, Ja"]
[Black "Lynge, M"]
[Result "0-1"]
[WhiteElo "2235"]
[BlackElo "2170"]

1. e4 g6 2. d4 Nf6 3. Nc3 d5 4. f3 Nc6 5. Be3 a6 6. Bd3 dxe4 7. Nxe4 Nd5 8.
Bf2 Bg7 9. Ne2 O-O 10. c4 Nb6 11. c5 Nd5 12. O-O e5 13. Bc4 Be6 14. Bxd5
Bxd5 15. N4c3 exd4 16. Nxd4 Nxd4 17. Bxd4 Bxf3 18. Qxf3 Qxd4+ 19. Kh1 Qxc5
20. Qxb7 Rab8 21. Qxa6 Rxb2 22. Na4 Qb5 23. Qxb5 Rxb5 24. Rac1 Ra8 25. Rc4
f5 26. Rd1 Be5 27. Kg1 Kf7 28. Nc3 Rb2 29. Rd7+ Ke6 30. Rxh7 c5 31. Na4
Rxa2 32. Nxc5+ Kd5 33. Nd3 Bd4+ 34. Rxd4+ Kxd4 35. Nf4 Ke3 36. Nd5+ Kd4 37.
Rd7 Ke5 38. Ne7 Ke6 39. Rb7 Rd8 40. h3 Rdd2 0-1

[Event "Politiken"]
[Site "Copenhagen DEN"]
[Date "1996.06.25"]
[Round "4"]
[White "Strange, M"]
[Black "Pedersen, St"]
[Result "0-1"]
[WhiteElo "2245"]
[BlackElo "2405"]

1. e4 c5 2. Nf3 d6 3. d4 cxd4 4. Nxd4 Nf6 5. Nc3 a6 6. g3 e5 7. Nb3 Be7 8.
a4 Be6 9. Bg2 Nbd7 10. Nd2 Nb6 11. a5 Nc4 12. Nxc4 Bxc4 13. Bg5 Rc8 14.
Bxf6 Bxf6 15. Nd5 Bxd5 16. Qxd5 Qd7 17. Qd3 Rc6 18. O-O Qc7 19. c3 O-O 20.
Ra3 Be7 21. Bf3 g6 22. b4 Rc8 23. Rc1 Rc4 24. Rb3 Qd7 25. Be2 R4c7 26. Rbb1
Kg7 27. c4 Qe6 28. Rc2 Rf8 29. b5 Rc5 30. bxa6 bxa6 31. Rb6 Ra8 32. Qa3 Bd8
33. Qxc5 dxc5 34. Rxe6 fxe6 35. Rd2 Bxa5 36. Rd7+ Kh8 37. Bg4 Bc3 38. Bxe6
a5 39. Bd5 Ra6 40. Bb7 Rb6 41. Bd5 Ra6 42. Bb7 Rf6 43. Rd8+ Kg7 44. Ra8 Be1
45. Bd5 Bxf2+ 46. Kg2 Be1 47. g4 Kh6 48. Ra7 Kg5 49. Rc7 Ra6 50. h4+ Kxh4
51. Rxh7+ Kg5 52. Rh1 Bc3 53. Rh3 Bb4 0-1

[Event "Politiken"]
[Site "Copenhagen DEN"]
[Date "1996.06.25"]
[Round "4"]
[White "Andersen, OB"]
[Black "Bromman, T"]
[Result "0-1"]
[WhiteElo "2110"]
[BlackElo "2220"]

1. d4 e6 2. e4 d5 3. Nc3 Nf6 4. e5 Nfd7 5. Nce2 c5 6. c3 Nc6 7. Nf3 b5 8.
Nf4 Qa5 9. dxc5 b4 10. c4 dxc4 11. Bxc4 Ndxe5 12. Be2 Bxc5 13. O-O O-O 14.
Ng5 h6 15. Ne4 Be7 16. Nh5 Qd5 17. Qxd5 exd5 18. Neg3 a5 19. f4 Nd7 20. f5
Nd4 21. Bd1 Re8 22. Ba4 Ra6 23. Re1 Nc6 24. Kh1 Kf8 25. Nxg7 Kxg7 26. Nh5+
Kh8 27. f6 Nc5 28. Bxc6 Rxc6 29. Bxh6 Ne4 30. Bg7+ Kh7 31. fxe7 Kg6 32.
Nf4+ Kxg7 33. Nxd5 Nf6 34. Ne3 Kg6 35. Nf1 Be6 36. h4 Rxe7 37. Re5 Kg7 38.
Rd1 Rd7 39. Rde1 Rd5 40. R5e3 Rc2 0-1

[Event "Politiken"]
[Site "Copenhagen DEN"]
[Date "1996.06.25"]
[Round "4"]
[White "Costello, C"]
[Black "Petersen, St"]
[Result "0-1"]
[WhiteElo "2070"]
[BlackElo "2165"]

1. c4 Nf6 2. Nc3 e6 3. Nf3 d5 4. d4 c6 5. Bg5 dxc4 6. a4 Bb4 7. Qc2 b5 8.
g3 Bb7 9. Bg2 Nbd7 10. O-O Qb6 11. e4 O-O 12. Be3 Bxc3 13. bxc3 c5 14. dxc5
Nxc5 15. Nd2 a6 16. Rab1 Qc6 17. Nxc4 bxc4 18. Bxc5 Qxc5 19. Rxb7 Rab8 20.
Rfb1 Rxb7 21. Rxb7 Ng4 22. Bf1 Ne5 23. Be2 f5 24. exf5 Rxf5 25. Rb8+ Kf7
26. Kh1 Rxf2 27. Qe4 Qd5 28. Rb7+ Kf6 29. Qxd5 exd5 30. Rb6+ Kf5 31. Rb2
Ke4 32. Kg1 Ke3 0-1

[Event "Politiken"]
[Site "Copenhagen DEN"]
[Date "1996.06.25"]
[Round "4"]
[White "Larsen, Pet"]
[Black "Fernandez Siles, L"]
[Result "1/2-1/2"]
[WhiteElo "2085"]
[BlackElo "2270"]

1. e4 c5 2. c3 e6 3. d4 d5 4. exd5 exd5 5. Nf3 Nc6 6. Be2 Bd6 7. O-O Nge7
8. dxc5 Bxc5 9. Bf4 O-O 10. Nbd2 Ng6 11. Bg5 f6 12. Bh4 Nxh4 13. Nxh4 Ne5
14. Nb3 Bb6 15. Nf3 Be6 16. Qc2 Bf7 17. Nbd4 Rc8 18. Rad1 Re8 19. Rfe1 Kh8
20. Bd3 Nxd3 21. Rxe8+ Qxe8 22. Qxd3 Qe4 23. Qb5 Qe8 24. Re1 Qxb5 25. Nxb5
Bc5 26. Nbd4 Kg8 27. Kf1 Re8 28. Rxe8+ Bxe8 29. Ne6 Bb6 30. Nfd4 Kf7 31.
Nf4 Bc6 32. Ke2 g6 33. Nd3 Bxd4 34. cxd4 Bb5 35. Ke3 Bxd3 36. Kxd3 Ke6 37.
Ke3 Kf5 38. Kf3 h5 39. h3 h4 40. g3 Kg5 41. Ke3 1/2-1/2

[Event "Politiken"]
[Site "Copenhagen DEN"]
[Date "1996.06.25"]
[Round "4"]
[White "Jorgensen, S"]
[Black "Salo, T"]
[Result "1/2-1/2"]
[WhiteElo "2065"]
[BlackElo "2310"]

1. e4 d5 2. exd5 Qxd5 3. Nc3 Qa5 4. d4 Nf6 5. Bc4 c6 6. Bd2 Bf5 7. Qe2 e6
8. O-O-O Bb4 9. d5 cxd5 10. Nxd5 Nxd5 11. Bxd5 Nc6 12. Bxc6+ bxc6 13. Qc4
Bxd2+ 14. Rxd2 O-O 15. Ne2 e5 16. Nc3 Rab8 17. Rhd1 h6 18. Qa4 Qc5 19. Ne4
Qb6 20. b3 a5 21. Kb2 Qa7 22. a3 Be6 23. f3 c5 24. c4 Qc7 25. Kc2 f5 26.
Nc3 e4 27. Rd6 Qf7 28. Qc6 Rfc8 29. Qa6 Re8 30. Qc6 exf3 31. gxf3 f4 32.
Qxc5 Bf5+ 33. Kb2 Be6 34. Ka2 Qb7 35. Nb5 a4 36. Rc6 axb3+ 37. Kb2 Qf7 38.
Rc7 Qg6 39. Kxb3 Bf7 40. Kb4 Qc2 41. Rdd7 Ra8 42. Ra7 Rxa7 43. Rxa7 Qd2+
44. Ka4 Qd1+ 45. Kb4 Qe1+ 46. Ka4 Bg6 47. Nd4 Re5 48. Qc7 Qd1+ 49. Kb4 Qd2+
50. Ka4 Bc2+ 51. Nxc2 Qxc2+ 52. Kb4 Qd2+ 53. Ka4 Qc2+ 1/2-1/2

[Event "Politiken"]
[Site "Copenhagen DEN"]
[Date "1996.06.25"]
[Round "4"]
[White "Liss, E"]
[Black "Tseshkovsky, V"]
[Result "1-0"]
[WhiteElo "2480"]
[BlackElo "2540"]

1. e4 e5 2. Nf3 Nc6 3. Bb5 a6 4. Ba4 Nf6 5. O-O Be7 6. Re1 b5 7. Bb3 O-O 8.
d3 d6 9. c3 Na5 10. Bc2 c5 11. Nbd2 Re8 12. Nf1 h6 13. a4 Bd7 14. d4 Bf8
15. d5 c4 16. Ng3 g6 17. h3 Nb7 18. Be3 Qc7 19. Qd2 Kh7 20. Nh4 Bg7 21.
axb5 Bxb5 22. f4 exf4 23. Bxf4 Ng8 24. Rf1 Nc5 25. Rae1 Nd3 26. Bxd3 cxd3
27. Nf3 Rab8 28. Be3 Nf6 29. Bd4 Qe7 30. b3 Bd7 31. Qd1 Bc8 32. c4 d2 33.
Nxd2 Nd7 34. Nf3 Bxd4+ 35. Nxd4 Ne5 36. Nf3 Kg7 37. Kh2 a5 38. Re3 a4 39.
Nxe5 Qxe5 40. bxa4 Ba6 41. Ref3 Re7 42. R1f2 Bxc4 43. Qc1 Rb4 44. Qa3 Rb1
45. Rf6 Rb3 46. Qxd6 Qxd6 47. Rxd6 Ra7 48. Rd8 Ra3 49. e5 Rd3 50. d6 Rd4
51. Rb2 Be6 52. Rbb8 f6 53. Re8 Bd5 54. Ne2 Rd2 55. Nf4 Bf7 56. Ne6+ Bxe6
57. Rxe6 Rf7 58. exf6+ Rxf6 59. Re7+ Rf7 60. Rbb7 Rxe7 61. dxe7 Kf7 62. a5
Ra2 63. Ra7 Re2 64. a6 Re6 65. e8=Q+ Kxe8 66. Ra8+ Kf7 67. a7 1-0

[Event "Politiken"]
[Site "Copenhagen DEN"]
[Date "1996.06.25"]
[Round "4"]
[White "Jelling, E"]
[Black "Hartung Nielsen, J"]
[Result "1/2-1/2"]
[WhiteElo "2415"]
[BlackElo "2260"]

1. d4 Nf6 2. c4 e6 3. Nc3 Bb4 4. e3 O-O 5. Nge2 d5 6. a3 Be7 7. Ng3 c5 8.
cxd5 cxd4 9. exd4 Nxd5 10. Bc4 Nc6 11. Bxd5 exd5 12. O-O Bf6 13. Be3 g6 14.
Nge2 Be6 15. Nf4 Qd7 16. Nxe6 Qxe6 17. Qd3 Rfd8 18. Rfe1 Qd7 1/2-1/2

[Event "Politiken"]
[Site "Copenhagen DEN"]
[Date "1996.06.25"]
[Round "4"]
[White "Sobjerg, E"]
[Black "Hammes, F"]
[Result "1-0"]
[WhiteElo "2320"]
[BlackElo "2190"]

1. e4 g6 2. d4 Bg7 3. Nc3 d6 4. h4 h5 5. Bg5 c6 6. Qd2 b5 7. Nge2 a6 8.
O-O-O Nd7 9. f3 Nb6 10. Nf4 Nc4 11. Bxc4 bxc4 12. Qe2 f6 13. Nxg6 fxg5 14.
Nxh8 Bxh8 15. Qxc4 e6 16. Qxc6+ Bd7 17. Qxd6 gxh4 18. Qc5 Nf6 19. Qg5 Qb6
20. e5 Rb8 21. exf6 Qxb2+ 22. Kd2 Bxf6 23. Qg6+ Ke7 24. Qd3 1-0

[Event "Politiken"]
[Site "Copenhagen DEN"]
[Date "1996.06.25"]
[Round "4"]
[White "Rossen, C"]
[Black "Nielsen, CJ"]
[Result "1-0"]
[WhiteElo "2080"]
[BlackElo "2080"]

1. d4 Nf6 2. Nf3 b6 3. c4 Bb7 4. Nc3 e6 5. a3 Be7 6. Bf4 O-O 7. Qc2 Nh5 8.
Bg3 f5 9. e3 d6 10. c5 Rf6 11. Nb5 Be4 12. Qb3 Nc6 13. cxd6 cxd6 14. Nd2
Bd5 15. Qd1 Rh6 16. Nc3 Nxg3 17. fxg3 Bg5 18. Nxd5 exd5 19. Qb3 Ne7 20. Nf3
Bf6 21. Bd3 Qd7 22. O-O Qe6 23. Rfe1 Nc6 24. Rac1 Na5 25. Qa2 Bd8 26. b4
Nb7 27. e4 fxe4 28. Rxe4 Qf7 29. Rf4 Bf6 30. Ng5 Qe7 31. Qxd5+ Kf8 32. Ne6+
Kg8 33. Rc7 1-0

[Event "Politiken"]
[Site "Copenhagen DEN"]
[Date "1996.06.25"]
[Round "4"]
[White "Akesson, R"]
[Black "Rowson, J"]
[Result "1-0"]
[WhiteElo "2505"]
[BlackElo "2415"]

1. d4 Nf6 2. c4 g6 3. Nc3 d5 4. cxd5 Nxd5 5. e4 Nxc3 6. bxc3 Bg7 7. Be3 Bd7
8. Nf3 O-O 9. Qd2 c5 10. d5 e6 11. Be2 exd5 12. exd5 Qa5 13. Rc1 Na6 14.
O-O Rfe8 15. Rfe1 Rac8 16. Bh6 Bh8 17. Ng5 c4 18. d6 Re5 19. Bf3 Rxe1+ 20.
Qxe1 Bf6 21. Qd2 Nc5 22. Qd5 Be8 23. d7 1-0

[Event "Politiken"]
[Site "Copenhagen DEN"]
[Date "1996.06.25"]
[Round "4"]
[White "Hellsten, J"]
[Black "Petursson, M"]
[Result "1/2-1/2"]
[WhiteElo "2475"]
[BlackElo "2585"]

1. d4 Nf6 2. c4 e6 3. Nf3 Bb4+ 4. Nbd2 b6 5. e3 Bb7 6. Bd3 O-O 7. O-O d5 8.
b3 Nbd7 9. Bb2 Ne4 10. Qc2 f5 11. cxd5 exd5 12. Nc4 Ndf6 13. Nce5 Nd6 14.
Rac1 c5 15. Qe2 a6 16. Rc2 Qe7 17. Qd1 Qe6 18. Be2 Rae8 19. a4 cxd4 20.
Bxd4 Ng4 21. Nd3 Rb8 1/2-1/2

[Event "Politiken"]
[Site "Copenhagen DEN"]
[Date "1996.06.25"]
[Round "4"]
[White "Hansen, Cu"]
[Black "Ward, C"]
[Result "1/2-1/2"]
[WhiteElo "2615"]
[BlackElo "2505"]

1. d4 Nf6 2. Nf3 e6 3. c4 c5 4. d5 d6 5. Nc3 exd5 6. cxd5 g6 7. e4 a6 8. a4
Bg4 9. Be2 Bg7 10. O-O O-O 11. Bf4 Bxf3 12. Bxf3 Qe7 13. Qd2 Nbd7 14. Rfe1
Rfe8 15. a5 h5 16. h3 Rac8 17. Bd1 c4 18. Bc2 Ne5 19. Be3 Nfd7 20. Na4 Nd3
21. Bxd3 cxd3 22. Nb6 Nxb6 23. Bxb6 Rc2 24. Qxd3 Rec8 25. Bd4 Bxd4 26. Qxd4
R8c4 27. Qe3 1/2-1/2

[Event "Politiken"]
[Site "Copenhagen DEN"]
[Date "1996.06.25"]
[Round "4"]
[White "Stuart, E"]
[Black "Schneider, S"]
[Result "0-1"]
[WhiteElo "2050"]
[BlackElo "2225"]

1. d4 d5 2. Nf3 Nf6 3. Bf4 c5 4. e3 Nc6 5. c3 Qb6 6. Qb3 c4 7. Qxb6 axb6 8.
Nbd2 b5 9. Be2 b4 10. O-O Bf5 11. Nh4 Bd7 12. e4 bxc3 13. bxc3 Nxe4 14.
Nxe4 dxe4 15. Bxc4 f6 16. f3 g5 17. Rae1 gxf4 18. Rxe4 e5 19. Bd5 Bd6 20.
Rb1 Ra7 21. Re2 Kd8 22. Rd2 Kc7 23. Be4 Ra3 24. c4 exd4 25. Rb5 Ne5 26.
Rxb7+ Kc8 27. c5 Bxc5 28. Rb3 Rxb3 0-1

[Event "Politiken"]
[Site "Copenhagen DEN"]
[Date "1996.06.25"]
[Round "4"]
[White "Hillarp Persson, T"]
[Black "Matthiesen, A"]
[Result "0-1"]
[WhiteElo "2410"]
[BlackElo "2255"]

1. d4 d5 2. c4 c6 3. Nf3 Nf6 4. Nc3 e6 5. Bg5 h6 6. Bh4 dxc4 7. a4 Bb4 8.
e3 b5 9. Ne5 Qa5 10. Qc1 Qb6 11. Be2 Bb7 12. O-O Nbd7 13. f4 a6 14. Bf3 O-O
15. Ne4 Qc7 16. Nxf6+ Nxf6 17. Qc2 Nd5 18. Bxd5 exd5 19. f5 f6 20. Ng6 Rfe8
21. Rf3 Re4 22. Raf1 c5 23. Nf4 Qe7 24. Rg3 cxd4 25. exd4 Bd6 26. Bxf6 Qxf6
27. Nh5 Qxd4+ 28. Kh1 Bxg3 29. Nxg3 Rf8 30. Qc1 Qe5 0-1

[Event "Politiken"]
[Site "Copenhagen DEN"]
[Date "1996.06.25"]
[Round "4"]
[White "Antonsen, M"]
[Black "Clausen, S"]
[Result "1-0"]
[WhiteElo "2410"]
[BlackElo "2255"]

1. d4 d5 2. c4 c6 3. Nc3 Nf6 4. cxd5 cxd5 5. Bf4 e6 6. e3 a6 7. Bd3 Bd6 8.
Bxd6 Qxd6 9. f4 b5 10. Nf3 Bb7 11. O-O Nbd7 12. Ne5 Ne4 13. Qh5 O-O 14.
Bxe4 dxe4 15. Nxd7 Qxd7 16. f5 f6 17. a3 Rfe8 18. Rac1 Rad8 19. Ne2 Rc8 20.
Rxc8 Rxc8 21. fxe6 Qxe6 22. Rc1 Rxc1+ 23. Nxc1 Bd5 24. Ne2 g6 25. Qh4 Qd6
26. Nc3 Kg7 27. Kf2 f5 28. Nxd5 Qxd5 29. Qe7+ Kh6 30. Kg3 g5 31. h4 Qg8 32.
Qf6+ Qg6 33. hxg5+ 1-0

[Event "Politiken"]
[Site "Copenhagen DEN"]
[Date "1996.06.25"]
[Round "4"]
[White "Rozentalis, E"]
[Black "Borge, N"]
[Result "1-0"]
[WhiteElo "2605"]
[BlackElo "2455"]

1. e4 c5 2. Nf3 d6 3. d4 cxd4 4. Qxd4 Nc6 5. Bb5 Bd7 6. Bxc6 Bxc6 7. Nc3 e5
8. Qd3 h6 9. Nd2 Nf6 10. Nc4 Nxe4 11. Nxe4 d5 12. Qg3 dxc4 13. Qxe5+ Qe7
14. Nd6+ Kd7 15. Nxc4 Bxg2 16. Rg1 Re8 17. Bf4 Bf3 18. Kf1 Qc5 19. Qxc5
Be2+ 20. Ke1 Bxc5 21. Ne5+ Kc8 22. Kxe2 Bd4 23. Kf1 Bxe5 24. Bxe5 Rxe5 25.
Rxg7 Rf5 26. Re1 Rd8 27. Re7 Rd7 28. Rxd7 Kxd7 29. Rg3 Ra5 30. a3 Rc5 31.
c3 Rh5 32. h3 Ke6 33. Re3+ Kd6 34. Rd3+ Ke6 35. Kg2 Rg5+ 36. Kf1 a5 37. Rd4
Rb5 38. b4 axb4 39. axb4 Rh5 40. h4 Rb5 41. Ke2 Re5+ 42. Kd3 Rf5 43. Ke3 b5
44. f3 Rf6 45. Ke4 Rf5 46. Ke3 Rh5 47. Re4+ Kd5 48. Rf4 Re5+ 49. Kd2 f5 50.
Rd4+ Kc6 51. Rd8 h5 52. Rf8 1-0